| 000 | 00479nam a2200181Ia 4500 | ||
|---|---|---|---|
| 003 | GCL | ||
| 008 | 140319s9999 xx 000 0 ara d | ||
| 040 |
_aGCL / _cGCL |
||
| 082 | 0 | 4 |
_a709.2 _bز ب |
| 100 | 1 | _aزينات بيطار | |
| 245 | 1 | 0 |
_aبودلير ناقدا فنيا / _cزينات بيطار |
| 260 |
_a[S.N] : _bدار الفارابى ، _c1993 |
||
| 300 | _a128 ص | ||
| 490 | _a | ||
| 650 | 0 | 4 | _aالفن |
| 650 | 0 | 4 | _aتاريخ ونقد |
| 942 |
_2ddc _cBK |
||
| 999 |
_c55793 _d55793 |
||